000 01101nam a22002897a 4500
001 5330
003 FISKH
005 20241126142644.0
008 241126b cb ||||| |||| 00| 0 eng d
020 _a9780091718213
040 _aFISKH
_beng
_cFISKH
_dFISKH
082 _a839.82374
100 _aProysen, Alf
_d(1914–1970)
245 _aMrs pepperpot at the bazaar /
_cAlf Proysen Illustrated by David Arthur
250 _aFirst published in 2000
260 _aLondon :
_bRed Fox,
_c2000.
300 _a28 pages :
_bColor illustrations ;
_c20 cm
505 _aG
520 _aMrs Pepperpot has promised to make gingerbread for the school bazaar but things get a bit tricky when she shrinks and is trapped under the mixing bowl! But that doesn't stop her from going, and the three stuck-up ladies who mocked her gingerbread get more than they bargained for!
521 8 _a380L
_bLexile
521 8 _aG
_bRaz-Plus
650 _2Picture book
_aFiction
650 _2Children's stories
_aCharacter Books
700 _aArthur, David
_dIllustrator
942 _2ddc
_cBK
_n0
999 _c5330
_d5330